Propuesta de Plan Estratégico de Marketing para la empresa VINOCUROVA Diseño y Confección en el periodo 2017-2018
La investigación presenta un Diseño de Plan Estratégico de Marketing para la empresa VINOCUROVA de Diseño y Confección en la ciudad de Managua. Se elaboró un diagnóstico del entorno interno y externo de la empresa. Reforzar la estrategia genérica competitiva enfocada en diferenciación. Desa...
| Main Authors: | , |
|---|---|
| Other Authors: | |
| Format: | Tesis Section = Libro |
| Language: | Undetermined Spanish |
| Published: |
Managua
UNI
2018
|
| Subjects: |
| LEADER | 01267nam a2200277Ia 4500 | ||
|---|---|---|---|
| 008 | 240830s9999 xx 000 0 und d | ||
| 040 | |a BIBLIOTECA-RUSB/ M.Mon 658.835 H565 | ||
| 041 | |a spa | ||
| 082 | |a M.Mon 658.835 H565 | ||
| 100 | 1 | |a Herrera Vinocurova, Geraldine | |
| 100 | 1 | |b Rivera Borge | |
| 245 | 1 | 0 | |a Propuesta de Plan Estratégico de Marketing para la empresa VINOCUROVA Diseño y Confección en el periodo 2017-2018 |
| 260 | |a Managua |b UNI |c 2018 | ||
| 300 | |a 168 p. :il. | ||
| 500 | |a Contiene: anexos y CD. | ||
| 502 | |a Tesis (Máster en Gestión Empresarial) - UNI, 2018. | ||
| 520 | 3 | |a La investigación presenta un Diseño de Plan Estratégico de Marketing para la empresa VINOCUROVA de Diseño y Confección en la ciudad de Managua. Se elaboró un diagnóstico del entorno interno y externo de la empresa. Reforzar la estrategia genérica competitiva enfocada en diferenciación. Desarrolla la propuesta de posicionamiento de marca con el Marketing Mix. | |
| 650 | 7 | |a MERCADEO | |
| 650 | 7 | |b PLANIFICACION ESTRATEGICA | |
| 650 | 7 | |c INVESTIGACION DE MERCADO | |
| 650 | 7 | |d MODA-INDUSTRIA Y COMERCIO | |
| 650 | 7 | |e PROMOCION DE VENTAS | |
| 700 | 1 | |a Tutor: |b Yanguas Pol, Arturo | |
| 942 | |c BK |2 ddc | ||
| 991 | |a TESIS | ||
| 999 | |c 19518 | ||